书目信息 |
| 题名: |
模拟电子技术学习辅导及习题详解
|
|
| 作者: | 高吉祥 主编 ;盛义发 编著 | |
| 分册: | ||
| 出版信息: | 北京 电子工业出版社 2006.01 |
|
| 页数: | 348页 | |
| 开本: | 24cm | |
| 丛书名: | 高等学校理工科电子信息类课程学习辅导丛书 | |
| 单 册: | ||
| 中图分类: | TN710 | |
| 科图分类: | ||
| 主题词: | 模拟电路--Mo Ni Dian Lu--电子技术--高等学校--教学参考资料 | |
| 电子资源: | ||
| ISBN: | 7-121-02204-4 | |
| 000 | 00909nam 2200241 450 | |
| 001 | 0639008263 | |
| 005 | 20070628095015.35 | |
| 010 | @a7-121-02204-4@dCNY29.50 | |
| 099 | @aCAL 012006015019 | |
| 100 | @a20060301d2006 ekmy0chiy0121 ea | |
| 101 | 0 | @achi |
| 102 | @aCN@b110000 | |
| 200 | 1 | @a模拟电子技术学习辅导及习题详解@Amo ni dian zi ji shu xue xi fu dao ji xi ti xiang jie@f高吉祥主编@g盛义发 ... [等] 编著 |
| 210 | @a北京@c电子工业出版社@d2006.01 | |
| 215 | @a348页@c图@d24cm | |
| 225 | 2 | @a高等学校理工科电子信息类课程学习辅导丛书@AGao Deng Xue Xiao Li Gong Ke Dian Zi Xin Xi Lei Ke Cheng Xue Xi Fu Dao Cong Shu |
| 410 | 0 | @12001 @a高等学校理工科电子信息类课程学习辅导丛书 |
| 606 | 0 | @a模拟电路@AMo Ni Dian Lu@x电子技术@x高等学校@j教学参考资料 |
| 690 | @aTN710@v4 | |
| 701 | 0 | @a高吉祥@AGao Ji Xiang@4主编 |
| 702 | 0 | @a盛义发@ASheng Yi Fa@4编著 |
| 801 | 0 | @aCN@c20070628 |
| 905 | @dTN710@eG147 | |
| 模拟电子技术学习辅导及习题详解/高吉祥主编/盛义发 ... [等] 编著.-北京:电子工业出版社,2006.01 |
| 348页:图;24cm.-(高等学校理工科电子信息类课程学习辅导丛书) |
| ISBN 7-121-02204-4:CNY29.50 |
| ● |
| 相关链接 |
|
|
|
正题名:模拟电子技术学习辅导及习题详解
索取号:TN710/G147
 
预约/预借
| 序号 | 登录号 | 条形码 | 馆藏地/架位号 | 状态 | 备注 |
| 1 | 450138 | 204501388 | 自科库301/301自科库 30排1列2层/ [索取号:TN710/G147] | 在馆 | |
| 2 | 450167 | 204501672 | 自科二线400A/400A自科库 7排2列3层/ [索取号:TN710/G147] | 在馆 | |
| 3 | 604535 | 206045359 | 自科库301/301自科库 30排1列2层/ [索取号:TN710/G147] | 在馆 | |
| 4 | 604536 | 206045368 | 自科二线400A/400A自科库 6排2列4层/ [索取号:TN710/G147] | 在馆 | |
| 5 | 604537 | 206045377 | 自科二线404/404自科库 9排5列1层/ [索取号:TN710/G147] | 在馆 |